Statistics for Most spoken non-European languages

Click here to take the quiz!

General Stats

  • This quiz has been taken 363 times
    (327 since last reset)
  • The average score is 7 of 10

Answer Stats

Native SpeakersAnswer% Correct
955 MillionMandarin
97%
295 MillionArabic
95%
310 MillionHindi
93%
125 MillionJapanese
92%
77 MillionIndonesian
82%
205 MillionBengali
72%
100 MillionPunjabi
55%
80 MillionWu
51%
82 MillionJavanese
43%
76 MillionTelugu
35%

Score Distribution

Percentile by Number Answered

Percent of People with Each Score

Your Score History

You have not taken this quiz since the last reset